000 00302nam a22001337a 4500
020 _a9780756690564
082 _a635.
_bPOL/FR
245 _aFruit and Vegetable Grading
250 _a1
260 _aNew York
_bD K Publishing
_c2012
300 _a272
700 _aPollock,Michael
_91298
942 _cBBS
999 _c14736
_d14736